Normal view
MARC view
- Supervisor: Dr. Usman Qamar Co-Supervisor: Dr. Shoab Ahmed Khan
Entry Personal Name
001 - CONTROL NUMBER
- control field: 127663
003 - CONTROL NUMBER IDENTIFIER
- control field: NUST
005 - DATE AND TIME OF LATEST TRANSACTION
- control field: 20250120142709.0
008 - FIXED-LENGTH DATA ELEMENTS
- fixed length control field: 250120|| aca||aabn | a|a d
040 ## - CATALOGING SOURCE
- Original cataloging agency: NUST
- Transcribing agency: NUST
100 ## - HEADING--PERSONAL NAME
- Personal name: Supervisor: Dr. Usman Qamar Co-Supervisor: Dr. Shoab Ahmed Khan
670 ## - SOURCE DATA FOUND
- Source citation: Work cat.: (NUST): Sadaf, Tahira 127662, Data Driven National Decision Support System for Management of Communicable Diseases/
